Normal view
MARC view
- shorn lamb
Entry Topical Term
001 - CONTROL NUMBER
- control field: 104999
003 - CONTROL NUMBER IDENTIFIER
- control field: NUST
005 - DATE AND TIME OF LATEST TRANSACTION
- control field: 20221215143615.0
008 - FIXED-LENGTH DATA ELEMENTS
- fixed length control field: 221215|| aca||aabn | a|a d
040 ## - CATALOGING SOURCE
- Original cataloging agency: NUST
- Transcribing agency: NUST
150 ## - HEADING--TOPICAL TERM
- Topical term or geographic name entry element: shorn lamb
670 ## - SOURCE DATA FOUND
- Source citation: Work cat.: (NUST)184768: : Stroud, John 104998, The shorn lamb / , [1960]
